[Event "Druzynowe Mistrzostwa Polski - II liga"]
[Site "Sypniewo k. Jastrowia"]
[Date "1899-12-30"]
[Round "8.95"]
[White "Rusinski, Mateusz"]
[Black "Wasik, Roman"]
[Result "0-1"]
[WhiteTitle "I"]
[BlackTitle "I"]
[WhiteElo "1751"]
[BlackElo "1355"]

1. e4 c5 2. Nf3 d6 3. d4 cxd4 4. Nxd4 Nf6 5. Nc3 g6 6. Bc4 Bg7 7. O-O Nc6 8. Nxc6
bxc6 9. Bb3 Bg4 10. Qd3 O-O 11. Be3 Be6 12. h3 Bxb3 13. axb3 Qc7 14. Ra4 Nd7 15.
Rfa1 Nc5 16. Bxc5 dxc5 17. Qe2 Rfb8 18. Nd1 Rb4 19. Rxb4 cxb4 20. Ra2 Rd8 21.
Ne3 Bd4 22. g3 Qe5 23. Qf3 Qc5 24. Nc4 Qg5 25. Ra1 Rd7 26. Kg2 Rb7 27. Rd1 c5
28. Ra1 Qh6 29. e5 Rd7 30. c3 Bxf2 31. Qxf2 Rd3 32. Rf1 Qg7 33. cxb4 cxb4 34.
Qxa7 Qf8 35. Rf3 Qd8 36. Qf2 Qd5 37. Nd2 Rxd2 0-1

[Event "Druzynowe Mistrzostwa Polski - II liga"]
[Site "Sypniewo k. Jastrowia"]
[Date "1899-12-30"]
[Round "8.96"]
[White "Polak, Sylwia"]
[Black "Leszner, Liliana"]
[Result "1/2-1/2"]
[WhiteTitle "I++"]
[BlackTitle "WIM"]
[WhiteElo "1481"]
[BlackElo "1889"]

1. d4 g6 2. c4 Bg7 3. Nc3 d6 4. e4 c6 5. Nf3 Qc7 6. Be2 Nf6 7. O-O e5 8. d5 cxd5
9. cxd5 a6 10. Be3 O-O 11. Nd2 Ne8 12. Rc1 Qe7 13. Na4 Nd7 14. Nc4 Nef6 15. Nab6
Nxb6 16. Nxb6 Rb8 17. Qc2 Kh8 18. f3 Rd8 19. Qc7 Bd7 20. a4 Ne8 21. Qc4 f5 22.
Qb4 Qh4 23. g3 Qe7 24. Rc2 h5 25. Rfc1 h4 26. Nxd7 Rxd7 27. exf5 hxg3 28. hxg3
gxf5 29. Bxa6 Nc7 30. Bc4 Bf6 31. Rh2+ Kg7 32. Qd2 Rg8 33. Kf2 Kf8 34. Rch1 f4
35. gxf4 Qg7 36. Kf1 Qg3 37. Rf2 Rf7 38. Qb4 Ne8 39. fxe5 Bxe5 40. Bh6+ Bg7 41.
Bxg7+ Rfxg7 42. Qc3 Qf4 43. b3 Nf6 44. Bd3 1/2-1/2

[Event "Druzynowe Mistrzostwa Polski - II liga"]
[Site "Sypniewo k. Jastrowia"]
[Date "1899-12-30"]
[Round "8.97"]
[White "Sopur, Lech"]
[Black "Polok, Kacper"]
[Result "1-0"]
[WhiteTitle "m"]
[BlackTitle "FM"]
[WhiteElo "2413"]
[BlackElo "2245"]

1. d4 e6 2. Bf4 f5 3. e3 Nf6 4. Be2 Be7 5. c4 O-O 6. Nc3 d6 7. Qc2 Nbd7 8. Rd1
Qe8 9. Nf3 Nh5 10. O-O Bf6 11. h3 Nxf4 12. exf4 Qf7 13. Rfe1 h6 14. c5 a6 15.
b4 Kh8 16. Bf1 Re8 17. Bc4 Nf8 18. Qb3 d5 19. Bf1 g5 20. Ne2 Ng6 21. Qe3 g4 22.
hxg4 fxg4 23. Ne5 Bxe5 24. fxe5 Kg7 25. Ng3 Nh4 26. Be2 Qg6 27. Qf4 h5 28. Bd3
Qh6 29. Qf6+ Qxf6 30. Nxh5+ Kf7 31. Nxf6 1-0

[Event "Druzynowe Mistrzostwa Polski - II liga"]
[Site "Sypniewo k. Jastrowia"]
[Date "1899-12-30"]
[Round "8.98"]
[White "Jaworski, Miroslaw"]
[Black "Strzelecki, Jerzy"]
[Result "1-0"]
[WhiteTitle "IM"]
[BlackTitle "k"]
[WhiteElo "2185"]
[BlackElo "1924"]

1. d4 Nf6 2. c4 g6 3. Nc3 d5 4. cxd5 Nxd5 5. e4 Nxc3 6. bxc3 Bg7 7. Bc4 c5 8. Ne2
O-O 9. O-O cxd4 10. cxd4 Nc6 11. Be3 Na5 12. Bd3 Nc6 13. Bb5 a6 14. Bxc6 bxc6
15. Qc2 Bd7 16. Qc5 Rb8 17. Nc3 Re8 18. Bf4 e5 19. Bxe5 Bxe5 20. dxe5 Qe7 21.
Qxe7 Rxe7 22. f4 Be6 23. Na4 h6 24. Nc5 Rb2 25. Rf2 Rb4 26. Rc2 a5 27. Rd1 Kg7
28. Rd6 Rb6 29. Kf2 Kf8 30. Ke3 Kg8 31. h3 h5 32. Rd8+ Kg7 33. Ra8 h4 34. Rd2
Bc4 35. Nd7 Ra6 36. Rb8 c5 37. Nf6 Rxf6 38. exf6+ Kxf6 39. Rc8 Ra7 40. Rxc5 Be6
41. a4 Ke7 42. Rd4 Kf6 43. f5 gxf5 44. exf5 Bxf5 45. Rf4 Re7+ 46. Kd4 1-0

[Event "Druzynowe Mistrzostwa Polski - II liga"]
[Site "Sypniewo k. Jastrowia"]
[Date "1899-12-30"]
[Round "8.99"]
[White "Gradowski, Jacek"]
[Black "Helis, Tadeusz"]
[Result "1/2-1/2"]
[WhiteTitle "I+"]
[BlackTitle "FM"]
[WhiteElo "2058"]
[BlackElo "2095"]

1. d4 Nf6 2. c4 c5 3. d5 b5 4. cxb5 a6 5. bxa6 Bxa6 6. Nc3 g6 7. Nf3 Bg7 8. e4
Bxf1 9. Kxf1 d6 10. g3 O-O 11. Kg2 Nbd7 12. h3 Qa5 1/2-1/2

[Event "Druzynowe Mistrzostwa Polski - II liga"]
[Site "Sypniewo k. Jastrowia"]
[Date "1899-12-30"]
[Round "8.100"]
[White "Malinowski, Damian"]
[Black "Flis, Pawel"]
[Result "1/2-1/2"]
[WhiteTitle "I++"]
[BlackTitle "k+"]
[WhiteElo "2012"]
[BlackElo "1840"]

1. c4 Nf6 2. Nc3 g6 3. g3 Bg7 4. Bg2 O-O 5. e4 d6 6. Nge2 c5 7. O-O Nc6 8. d3 a6
9. h3 Rb8 10. Nb1 Ra8 1/2-1/2

[Event "Druzynowe Mistrzostwa Polski - II liga"]
[Site "Sypniewo k. Jastrowia"]
[Date "1899-12-30"]
[Round "8.101"]
[White "Szmacinski, Slawomir"]
[Black "Chrobak, Piotr"]
[Result "1/2-1/2"]
[WhiteTitle "I"]
[BlackTitle "I"]
[WhiteElo "1857"]
[BlackElo "1692"]

1. Nf3 d5 2. e3 c6 3. d4 g6 4. c4 e6 5. Nc3 Bg7 6. Bd3 f5 7. a4 Nf6 8. O-O O-O
9. Ne5 Nbd7 10. f4 Ne4 11. Nxd7 Bxd7 12. Bxe4 fxe4 13. c5 b6 14. b4 Qc7 15. Rb1
bxc5 1/2-1/2

[Event "Druzynowe Mistrzostwa Polski - II liga"]
[Site "Sypniewo k. Jastrowia"]
[Date "1899-12-30"]
[Round "8.102"]
[White "Suchanek, Paulina"]
[Black "Szmacinska, Grazyna"]
[Result "0-1"]
[WhiteTitle "I"]
[BlackTitle "WIM"]
[WhiteElo "1547"]
[BlackElo "2056"]

1. d4 d5 2. c4 e6 3. Nc3 Nf6 4. Nf3 c6 5. Bg5 Be7 6. e3 O-O 7. Qc2 h6 8. Bh4 Nbd7
9. Rd1 Re8 10. cxd5 exd5 11. Bd3 Nf8 12. Bf5 Bxf5 13. Qxf5 Ng6 14. Bxf6 Bxf6 15.
O-O Qc8 16. Qxc8 Raxc8 17. Na4 Be7 18. Rc1 f6 19. Rc2 Nf8 20. Rfc1 Nd7 21. Nd2
f5 22. g3 Rc7 23. a3 Nf6 24. b4 a6 25. Nc5 g5 26. Nf3 Bd6 27. Nxb7 Rxb7 28. Rxc6
Ne4 29. Rxa6 f4 30. exf4 gxf4 31. Nh4 fxg3 32. fxg3 Rf7 33. Rcc6 Bf8 34. Rg6+
Kh7 35. b5 Nd2 36. Rgf6 Rxf6 37. Rxf6 Bxa3 38. Ra6 Nc4 39. b6 Rb8 40. Ra7+ Kg8
41. b7 Kf7 42. Nf5 Bf8 43. Kf2 Nd6 44. Nxd6+ Bxd6 45. Ra5 Ke6 46. Rb5 Rd8 47.
Kf3 Bb8 48. Kg4 Rd6 49. h4 Rd8 50. Rb6+ Kd7 51. Rxh6 Rg8+ 52. Kf5 Bxg3 53. Rg6
Rxg6 54. Kxg6 Kc7 55. b8=Q+ Kxb8 56. Kf5 Kc7 57. h5 Kd6 58. h6 Bf2 59. Kf4 Bxd4
60. Kf3 Ke6 61. Kf4 Bh8 62. Ke3 Kf5 63. Kf3 Kg6 64. Kf4 Kxh6 65. Kf5 Bc3 0-1

[Event "Druzynowe Mistrzostwa Polski - II liga"]
[Site "Sypniewo k. Jastrowia"]
[Date "1899-12-30"]
[Round "9.1"]
[White "Kowalczyk, Pawel"]
[Black "Szymanski, Piotr"]
[Result "0-1"]
[WhiteTitle "m"]
[BlackTitle "CM"]
[WhiteElo "2339"]
[BlackElo "2219"]

1. a3 d5 2. Nf3 Nf6 3. b4 Bf5 4. Bb2 e6 5. e3 Nbd7 6. c4 c6 7. Be2 h6 8. O-O Bd6
9. c5 Bc7 10. d4 O-O 11. Nbd2 Qe7 12. Nh4 Bh7 13. f4 Ne4 14. Nxe4 Bxe4 15. Nf3
f6 16. Nd2 Bh7 17. Qb3 e5 18. Rae1 Kh8 19. Bg4 Rfe8 20. e4 dxe4 21. fxe5 Bg8 22.
Qh3 Be6 23. Rxe4 Bxg4 24. Qxg4 fxe5 25. dxe5 Nxe5 26. Qh5 Qd7 27. Rf2 Rf8 28.
Rxf8+ Rxf8 29. Qe2 Ng6 30. g3 Qf5 31. Kg2 Qd5 32. Nf3 Kh7 33. Rd4 Qf7 34. Qd3
Qa2 35. Qc2 Qf7 36. Qd3 Qa2 37. Qe2 Qf7 38. Rg4 Re8 39. Re4 Rf8 40. h4 Qf5 41.
Nd4 Qd5 42. Ne6 Re8 43. Qg4 Be5 44. Ng5+ hxg5 45. Qh5+ Kg8 46. Qxg6 Re7 47. Qf5
Qd2+ 48. Kh3 Qxb2 49. hxg5 Qc3 50. Qc8+ Kh7 51. Rg4 Kg6 52. Qd8 Qf3 0-1

[Event "Druzynowe Mistrzostwa Polski - II liga"]
[Site "Sypniewo k. Jastrowia"]
[Date "1899-12-30"]
[Round "9.2"]
[White "Najbar, Marcin"]
[Black "Velicka, Petr"]
[Result "0-1"]
[WhiteTitle "k++"]
[BlackTitle "GM"]
[WhiteElo "2246"]
[BlackElo "2393"]

1. e4 c6 2. d4 d5 3. exd5 cxd5 4. Nf3 Nc6 5. Bd3 Bg4 6. c3 e6 7. O-O Bd6 8. Re1
Qc7 9. h3 Bh5 10. b3 Nge7 11. Ba3 a6 12. Bxd6 Qxd6 13. Nbd2 Rc8 14. Qe2 Bg6 15.
g3 O-O 16. Bxg6 Nxg6 17. h4 h6 18. Qd3 e5 19. dxe5 Ngxe5 20. Nxe5 Nxe5 21. Qd4
Rfe8 22. Kg2 Qc7 23. Rac1 Nc6 24. Qg4 Ne5 25. Qf4 Re6 26. Re3 d4 27. Qxd4 Rd8
28. Qf4 Qc6+ 29. Kg1 Ng6 30. Rxe6 Nxf4 31. Rxc6 Ne2+ 32. Kg2 Nxc1 33. Rc7 Rxd2
34. Rxb7 Rxa2 35. Rb8+ Kh7 36. Rb7 f6 37. c4 Rc2 38. Rb6 Rc3 39. Rxa6 Rxb3 40.
c5 Rc3 41. c6 Nd3 0-1

[Event "Druzynowe Mistrzostwa Polski - II liga"]
[Site "Sypniewo k. Jastrowia"]
[Date "1899-12-30"]
[Round "9.3"]
[White "Szotkowski, Jakub"]
[Black "Krzywda, Andrzej"]
[Result "1-0"]
[WhiteTitle "IM"]
[BlackTitle "CM"]
[WhiteElo "2353"]
[BlackElo "2076"]

1. d4 Nf6 2. c4 c5 3. d5 b5 4. a4 Qa5+ 5. Bd2 b4 6. g3 g6 7. Bg2 d6 8. b3 Bg7 9.
Ra2 O-O 10. Nf3 Ne4 11. O-O Nc3 12. Nxc3 bxc3 13. Bg5 Na6 14. Bxe7 Re8 15. Bxd6
Nb4 16. Ra1 Bf5 17. Rc1 Na2 18. Nh4 Nxc1 19. Qxc1 Rxe2 20. Nxf5 gxf5 21. Bf3 Ree8
22. Bd1 Re4 23. Bc2 Re2 24. Bxf5 Rae8 25. Bf4 Bd4 26. Kg2 Qb6 27. Qd1 Qf6 28.
Bd3 Rb2 29. Bc2 Qg7 30. d6 Qf6 31. h4 Qe6 32. h5 Bf6 33. Qd3 Rxc2 34. Qxc2 Qe4+
35. Qxe4 Rxe4 36. Kf3 Rd4 37. Rc1 Kf8 38. Be3 Ke8 39. Bxd4 cxd4 40. Ke4 Kd7 41.
b4 Kxd6 42. a5 Kc6 43. g4 a6 44. f4 h6 1-0

[Event "Druzynowe Mistrzostwa Polski - II liga"]
[Site "Sypniewo k. Jastrowia"]
[Date "1899-12-30"]
[Round "9.4"]
[White "Chojnacki, Slawomir"]
[Black "Eggink, Ryszard"]
[Result "0-1"]
[WhiteTitle "CM"]
[BlackTitle "m"]
[WhiteElo "2150"]
[BlackElo "2387"]

1. g3 d5 2. Bg2 Nf6 3. Nf3 b5 4. O-O c5 5. d4 e6 6. Bg5 Bb7 7. Nc3 b4 8. Na4 Nbd7
9. c3 bxc3 10. Nxc3 Be7 11. dxc5 Nxc5 12. Rc1 O-O 13. Ne5 Rc8 14. Qd4 Qb6 15.
Ng4 Ncd7 16. Qxb6 Nxb6 17. Rfd1 Ba6 18. Nxf6+ gxf6 19. Bh6 Rfd8 20. Rd4 f5 21.
Rcd1 Nc4 22. g4 f4 23. Rb1 Nxb2 24. Rxb2 Bf6 25. Rxf4 Bxc3 26. Rc2 Be5 27. Rxc8
Rxc8 28. Ra4 Bxe2 29. Rxa7 Bxg4 30. Bf1 Bg7 31. Bd2 Bf3 32. a4 Be5 33. Bh6 Bg7
34. Bd2 Bd4 35. Rb7 Rc2 36. Rb3 Be4 37. Be3 Bxe3 38. fxe3 Ra2 39. Rb8+ Kg7 40.
Bb5 Rg2+ 41. Kf1 Rxh2 42. a5 Ra2 43. a6 h5 44. Rb7 h4 45. Be8 Bg6 46. e4 h3 0-1

[Event "Druzynowe Mistrzostwa Polski - II liga"]
[Site "Sypniewo k. Jastrowia"]
[Date "1899-12-30"]
[Round "9.5"]
[White "Karwowski, Kacper"]
[Black "Sroka, Janusz"]
[Result "1-0"]
[WhiteTitle "CM"]
[BlackTitle "k"]
[WhiteElo "2230"]
[BlackElo "1912"]

1. Nf3 Nf6 2. g3 d6 3. d4 g6 4. Bg2 Bg7 5. O-O O-O 6. b3 Nc6 7. Bb2 a6 8. c4 Re8
9. d5 Na5 10. e4 Bg4 11. Qd3 Bxf3 12. Bxf3 c5 13. Qe2 e6 14. dxe6 Rxe6 15. Nc3
Nc6 16. Bg2 Nd4 17. Qd3 Qc7 18. Rae1 Rae8 19. f4 Qa5 20. h3 b5 21. cxb5 axb5 22.
g4 Nd7 23. Kh1 Nb6 24. f5 Re5 25. Ne2 Nxe2 26. Rxe2 c4 27. Qxd6 c3 28. Bc1 Bf8
29. Qd3 R5e7 30. Bg5 Rd7 31. Qc2 b4 32. Bf6 Qc5 33. e5 Nd5 34. fxg6 fxg6 35. e6
Rd6 36. Re5 Bg7 37. Bxg7 Kxg7 38. Qe4 c2 39. Rc1 Nc3 40. Qb7+ 1-0

[Event "Druzynowe Mistrzostwa Polski - II liga"]
[Site "Sypniewo k. Jastrowia"]
[Date "1899-12-30"]
[Round "9.6"]
[White "Cyboran, Katarzyna"]
[Black "Krupa, Monika"]
[Result "0-1"]
[WhiteTitle "I++"]
[BlackTitle "WGM"]
[WhiteElo "1773"]
[BlackElo "2194"]

1. e4 c5 2. Nf3 Nc6 3. Bb5 g6 4. Bxc6 dxc6 5. O-O Bg7 6. Re1 e5 7. d3 Bg4 8. h3
Bxf3 9. Qxf3 Qc7 10. Be3 b6 11. a4 a5 12. Nd2 Nf6 13. Nb3 Nd7 14. Rad1 O-O 15.
Qg3 Nf6 16. Nd2 Nh5 17. Qh4 Rad8 18. b3 Rd7 19. g3 h6 20. f4 f5 21. exf5 Rxf5
22. Ne4 exf4 23. g4 fxe3 24. gxf5 Nf4 25. f6 e2 26. Rd2 Bf8 27. Ng3 Rd4 28. Ne4
Qe5 29. Qg4 h5 30. Qg3 c4 31. bxc4 Rxe4 32. dxe4 Bb4 33. Rd8+ Kf7 34. Kh1 Qxe4+
35. Kh2 Bxe1 36. Qg5 Bg3+ 37. Qxg3 e1=Q 38. Rd7+ Kxf6 39. Rd6+ Kg7 0-1

[Event "Druzynowe Mistrzostwa Polski - II liga"]
[Site "Sypniewo k. Jastrowia"]
[Date "1899-12-30"]
[Round "9.7"]
[White "Cukrowski, Filip"]
[Black "Kempinski, Tomasz"]
[Result "1/2-1/2"]
[WhiteTitle "FM"]
[BlackTitle "FM"]
[WhiteElo "2382"]
[BlackElo "2161"]

1. d4 d5 2. c4 e6 3. Nc3 Nf6 4. Nf3 c6 5. e3 Bd6 6. Bd3 O-O 7. b3 Nbd7 8. Bb2 Re8
9. Qc2 a6 10. Rd1 Qe7 11. e4 e5 12. cxd5 cxd5 13. O-O exd4 14. Nxd5 Nxd5 15. exd5
Ne5 16. Bxh7+ Kh8 17. Nxe5 Qxe5 18. g3 Bh3 19. Rxd4 Qe2 20. Qxe2 Rxe2 21. Rb1
Kxh7 22. Rh4+ Kg8 23. Rxh3 Bc5 24. Rh4 Bxf2+ 25. Kh1 Rd8 26. Rg4 Rxd5 27. Rxg7+
Kf8 28. Rh7 Ke7 29. Ba3+ Kf6 30. Rb2 Rdd2 31. Rxd2 Rxd2 32. Bf8 Rxa2 33. Rh6+
Kg5 34. Bg7 f5 35. Rh4 b5 36. b4 Re2 37. Bh6+ Kf6 38. Bf4 a5 39. bxa5 b4 40. Bc1
Rc2 41. Rxb4 Rxc1+ 42. Kg2 Rc2 43. Ra4 Ba7+ 44. Kh1 Kg5 45. a6 Rf2 46. h3 Rb2
47. Ra5 Kg6 48. Ra4 Kg5 49. Ra5 Re2 50. Ra4 Rf2 51. Ra5 Kf6 52. Ra3 Ke5 53. Ra4
Kd5 54. h4 Ke5 55. h5 Kf6 56. Rh4 Kg7 57. Rc4 Kh6 58. Rc7 Be3 59. Re7 Bd4 60.
Rd7 Ba1 61. Rd5 Kg5 62. Ra5 Bd4 63. a7 Kg4 64. Ra3 Rf1+ 1/2-1/2

[Event "Druzynowe Mistrzostwa Polski - II liga"]
[Site "Sypniewo k. Jastrowia"]
[Date "1899-12-30"]
[Round "9.8"]
[White "Paszek, Krzysztof"]
[Black "Kacprzak, Karol"]
[Result "0-1"]
[WhiteTitle "k"]
[BlackTitle "k"]
[WhiteElo "2125"]
[BlackElo "2200"]

1. Nf3 c5 2. b3 Nf6 3. Bb2 g6 4. e3 Bg7 5. c4 O-O 6. d4 cxd4 7. exd4 d5 8. Nc3
Nc6 9. Be2 Bg4 10. O-O dxc4 11. bxc4 Bxf3 12. Bxf3 Qxd4 13. Bxc6 Qxd1 14. Rfxd1
bxc6 15. Na4 Rfd8 16. Kf1 Nd7 17. Rab1 Bxb2 18. Rxb2 Ne5 19. Rxd8+ Rxd8 20. Rb7
Rd2 21. Rxe7 Nd3 22. Rxa7 Rxf2+ 23. Kg1 Rxa2 24. Kf1 Rf2+ 25. Kg1 Rc2 26. Kf1
Rxc4 27. Ke2 Nf4+ 28. Kf3 Nd5 29. Nb2 Rc3+ 30. Ke4 Rc2 31. Nd3 Rxg2 32. Ne5 Rf2
33. h3 Rf4+ 34. Kd3 c5 35. Ra5 Rd4+ 36. Kc2 Re4 37. Nd7 Rc4+ 38. Kb2 Nf4 39. Ne5
Rb4+ 40. Kc3 Nxh3 41. Rxc5 Rf4 0-1

[Event "Druzynowe Mistrzostwa Polski - II liga"]
[Site "Sypniewo k. Jastrowia"]
[Date "1899-12-30"]
[Round "9.9"]
[White "Kacprzak, Kacper"]
[Black "Rusiniak, Slawomir"]
[Result "1/2-1/2"]
[WhiteTitle "k"]
[BlackTitle "I++"]
[WhiteElo "2229"]
[BlackElo "2110"]

1. e4 g6 2. d4 Bg7 3. Nc3 d6 4. Be3 c6 5. a4 Nf6 6. f3 h5 7. Qd2 Nbd7 8. h4 Qb6
9. Bc4 d5 10. exd5 cxd5 11. Bb3 a6 12. Nge2 Qc6 13. a5 O-O 14. Nf4 e6 15. O-O-O
Re8 16. Kb1 1/2-1/2

[Event "Druzynowe Mistrzostwa Polski - II liga"]
[Site "Sypniewo k. Jastrowia"]
[Date "1899-12-30"]
[Round "9.10"]
[White "Bartkowiak, Damian"]
[Black "Poltorak, Sebastian"]
[Result "1/2-1/2"]
[WhiteTitle "k"]
[BlackTitle "k"]
[WhiteElo "2099"]
[BlackElo "2264"]

1. d4 Nf6 2. e3 g6 3. Nf3 Bg7 4. Be2 O-O 5. O-O d5 6. c4 dxc4 7. Bxc4 c5 8. dxc5
Qa5 9. a3 Qxc5 10. Nbd2 b5 11. Be2 Rd8 12. b4 Qb6 13. Bb2 Nd5 14. Bxg7 Kxg7 15.
Rc1 a5 16. Rc5 axb4 17. axb4 Nxb4 18. Rxb5 Qd6 19. Qb3 N4c6 20. Ng5 Be6 21. Qb2+
Kg8 22. Nc4 Bxc4 23. Bxc4 e6 24. Rb7 Rd7 25. Nxf7 Kxf7 26. Rb6 Qc5 27. Qb3 Ra3
28. Qb2 Ra4 29. Bb3 Rb4 30. Rxb4 Qxb4 31. f4 Qd2 32. Qxd2 Rxd2 33. f5 gxf5 34.
Rxf5+ Kg6 35. Bxe6 Nd8 36. Rb5 Nxe6 37. Rxb8 Re2 38. Rb3 Nc5 39. Rb6+ Kf5 40.
Rh6 Ne4 41. g4+ Kxg4 42. Rxh7 Ng5 43. Rh8 Nh3+ 44. Kf1 Rxe3 45. Rg8+ Ng5 46. h4
Kxh4 47. Kf2 Re6 48. Rh8+ Kg4 49. Rg8 Re7 50. Rg6 Re8 51. Rg7 Kf4 52. Ra7 Re3
53. Kg2 Re2+ 54. Kf1 Rd2 55. Ra4+ Kg3 56. Ra8 Rb2 57. Ke1 Ne4 58. Rf8 Nc3 59.
Rg8+ Kf3 60. Rf8+ Ke3 61. Re8+ Ne4 62. Kd1 Rh2 63. Kc1 Rh6 64. Kc2 Rc6+ 65. Kd1
Rc7 66. Re6 Kd3 67. Re8 Rc3 68. Rd8+ Ke3 69. Re8 Rc7 70. Re6 Rd7+ 71. Kc1 Kd3
72. Re8 Nd6 73. Rh8 Nc4 74. Rh3+ Ne3 75. Kb2 Rb7+ 76. Kc1 Rb3 77. Rh8 Rc3+ 78.
Kb1 Rc7 79. Rh3 Kd4 80. Rh8 Kc3 81. Rh3 Re7 82. Kc1 Re4 83. Rf3 Kd3 84. Rh3 Rg4
85. Kb2 Rg1 86. Rf3 Rh1 87. Rg3 Kd4 88. Rg8 Nc4+ 89. Kc2 Rh2+ 90. Kc1 Kd3 91.
Rg3+ Ne3 92. Rf3 Rc2+ 93. Kb1 Kd2 94. Rf2+ 1/2-1/2

[Event "Druzynowe Mistrzostwa Polski - II liga"]
[Site "Sypniewo k. Jastrowia"]
[Date "1899-12-30"]
[Round "9.11"]
[White "Sowa, Wiktoria"]
[Black "Walkusz, Witoslaw"]
[Result "0-1"]
[WhiteTitle "WFM"]
[BlackTitle "FM"]
[WhiteElo "2016"]
[BlackElo "2015"]

1. e4 e5 2. Nf3 Nc6 3. Bb5 a6 4. Ba4 Nf6 5. O-O b5 6. Bb3 Bc5 7. Re1 d6 8. c3 Bb6
9. h3 Bb7 10. d4 Qe7 11. Be3 Na5 12. Bc2 Nc4 13. Bc1 h6 14. b3 Na5 15. Nbd2 g5
16. Nf1 g4 17. hxg4 Nxg4 18. Ng3 O-O-O 19. a4 Rdg8 20. axb5 axb5 21. Qd3 Qd7 22.
c4 Nc6 23. Nf5 exd4 24. cxb5 Nb4 25. Qc4 Nxc2 26. Qxc2 d3 27. Qc4 Bxf2+ 28. Kf1
d5 29. Qb4 Bxe1 30. Nxe1 Re8 31. Qc3 dxe4 32. Bf4 Ne5 33. b6 Nc6 34. g4 d2 35.
Bxc7 dxe1=Q+ 36. Kxe1 Qd3 37. Qf6 Rd8 38. Nd6+ Rxd6 39. Qxh8+ Kd7 40. Bxd6 Qe3+
41. Kf1 Qf3+ 42. Ke1 e3 43. Ra2 Ba6 44. Rxa6 Qf2+ 0-1

[Event "Druzynowe Mistrzostwa Polski - II liga"]
[Site "Sypniewo k. Jastrowia"]
[Date "1899-12-30"]
[Round "9.12"]
[White "Sikorska, Dorota"]
[Black "Starosta, Martyna"]
[Result "0-1"]
[WhiteTitle "I++"]
[BlackTitle "WCM"]
[WhiteElo "1972"]
[BlackElo "1809"]

1. e4 e5 2. Nf3 Nc6 3. Bc4 Nf6 4. Nc3 Nxe4 5. Bxf7+ Kxf7 6. Nxe4 d5 7. Ng3 e4 8.
Ng1 Bc5 9. N1e2 Qf6 10. O-O h5 11. Nc3 Bg4 12. Nge2 Nd4 13. d3 Bb4 14. h3 Bxc3
15. hxg4 hxg4 16. bxc3 Nxe2+ 17. Qxe2 Qh4 18. f3 g3 19. fxe4+ Kg8 0-1

[Event "Druzynowe Mistrzostwa Polski - II liga"]
[Site "Sypniewo k. Jastrowia"]
[Date "1899-12-30"]
[Round "9.14"]
[White "Garbowski, Jakub"]
[Black "Sowul, Bartosz"]
[Result "0-1"]
[WhiteTitle "k"]
[BlackTitle "k+"]
[WhiteElo "2142"]
[BlackElo "2248"]

1. Nf3 c5 2. g3 Nc6 3. d4 cxd4 4. Nxd4 Nf6 5. Bg2 g6 6. O-O Bg7 7. c4 O-O 8. Nc3
Qa5 9. e3 d6 10. h3 Bd7 11. Qd2 Rfc8 12. b3 Nxd4 13. exd4 Bc6 14. Bb2 Bxg2 15.
Kxg2 d5 16. Qg5 h6 17. Qe5 e6 18. c5 Ne4 19. Qf4 Nxc3 20. Qd2 Rxc5 21. dxc5 Qxc5
22. Bxc3 Qxc3 23. Qe2 Qc6 24. Rac1 Bc3 25. h4 h5 26. Kh2 d4 27. Rfd1 Rd8 28. Rd3
Rd5 29. Qf3 Rc5 30. Kg2 e5 31. Qxc6 Rxc6 32. Kf3 f5 33. Rdd1 Kf7 34. Ke2 Ke6 35.
f3 Kd5 36. a4 a6 37. g4 hxg4 38. fxg4 e4 39. h5 gxh5 40. gxf5 Ke5 41. Rh1 h4 42.
Rxh4 d3+ 43. Ke3 Bd4+ 44. Kd2 Rxc1 45. Kxc1 e3 46. f6 e2 47. Rh1 Be3+ 48. Kb2
Kxf6 0-1

[Event "Druzynowe Mistrzostwa Polski - II liga"]
[Site "Sypniewo k. Jastrowia"]
[Date "1899-12-30"]
[Round "9.15"]
[White "Solnicki, Michal"]
[Black "Maciol, Ryszard"]
[Result "1/2-1/2"]
[WhiteTitle "k"]
[BlackTitle "k"]
[WhiteElo "2166"]
[BlackElo "2138"]

1. d4 e6 2. g3 Nf6 3. Bg2 c5 4. Nf3 Nc6 5. O-O b6 6. b3 Bb7 7. c4 cxd4 8. Nxd4
Bc5 9. Bb2 O-O 10. e3 d5 11. Nxc6 Bxc6 12. Nd2 Rc8 13. Rc1 d4 14. exd4 Bxg2 15.
Kxg2 Bxd4 16. Bxd4 Qxd4 17. Nf3 Qe4 18. Re1 1/2-1/2

[Event "Druzynowe Mistrzostwa Polski - II liga"]
[Site "Sypniewo k. Jastrowia"]
[Date "1899-12-30"]
[Round "9.17"]
[White "Chrzaszcz, Malvina"]
[Black "Rosicki, Marcin"]
[Result "1/2-1/2"]
[WhiteTitle "k+"]
[BlackTitle "I++"]
[WhiteElo "1996"]
[BlackElo "2009"]

1. e4 e5 2. Nf3 Nc6 3. Bc4 Bc5 4. O-O Nf6 5. d3 d6 6. c3 a5 7. a4 Bb6 8. h3 h6
9. Nbd2 O-O 10. Re1 Be6 11. Bb3 Bxb3 1/2-1/2

[Event "Druzynowe Mistrzostwa Polski - II liga"]
[Site "Sypniewo k. Jastrowia"]
[Date "1899-12-30"]
[Round "9.18"]
[White "Guzik, Jolanta"]
[Black "Kaniak, Monika"]
[Result "1-0"]
[WhiteTitle "WFM"]
[BlackTitle "k"]
[WhiteElo "1979"]
[BlackElo "1830"]

1. d4 d5 2. c4 e6 3. Nc3 Nf6 4. Nf3 Nc6 5. Bg5 Be7 6. e3 O-O 7. Rc1 a6 8. a3 dxc4
9. Bxc4 Bd7 10. O-O h6 11. Bh4 Nh7 12. Bg3 Na5 13. Bd3 Ng5 14. Nxg5 Bxg5 15. Ne4
Rc8 16. Nxg5 hxg5 17. h4 gxh4 18. Qh5 f5 19. Bxh4 Qe8 20. Qe2 Nc6 21. Bg3 Ne7
22. Rxc7 Rxc7 23. Bxc7 Nd5 24. Be5 f4 25. Qg4 Qe7 26. exf4 Nf6 27. Qh4 Be8 28.
Re1 b5 29. Re3 1-0

[Event "Druzynowe Mistrzostwa Polski - II liga"]
[Site "Sypniewo k. Jastrowia"]
[Date "1899-12-30"]
[Round "9.19"]
[White "Murdzia, Piotr"]
[Black "Stoma, Pawel"]
[Result "1/2-1/2"]
[WhiteTitle "IM"]
[BlackTitle "m"]
[WhiteElo "2425"]
[BlackElo "2328"]

1. e4 c5 2. Nf3 e6 3. d4 cxd4 4. Nxd4 Nf6 5. Nc3 Nc6 6. Ndb5 Bb4 7. a3 Bxc3+ 8.
Nxc3 d5 9. exd5 exd5 10. Bd3 O-O 11. O-O d4 12. Ne2 Qd5 13. c4 Qh5 14. Ng3 Qxd1
15. Rxd1 Bg4 16. f3 Be6 17. b4 a5 18. b5 Ne5 19. Bf1 Nxc4 20. Rxd4 Nb6 21. Bd2
Rfc8 22. Re1 h6 23. Ne4 Nxe4 24. Rexe4 Rc7 25. Rd6 Nc4 26. Rdxe6 Nxd2 27. Re8+
Rxe8 28. Rxe8+ Kh7 29. Bd3+ g6 30. b6 Rd7 31. Bb5 Rd6 32. Re7 Rxb6 33. a4 Kg7
34. Rd7 Nb3 35. Bc4 Rb4 36. Rxf7+ Kh8 37. Rc7 b6 38. Rc6 Nc5 39. Bb5 Kg7 40. Kf2
h5 41. Rc7+ Kf8 42. Rc6 Kg7 43. Rc7+ Kf8 1/2-1/2

[Event "Druzynowe Mistrzostwa Polski - II liga"]
[Site "Sypniewo k. Jastrowia"]
[Date "1899-12-30"]
[Round "9.20"]
[White "Miroslaw, Michal"]
[Black "Brzezinski, Mateusz"]
[Result "1/2-1/2"]
[WhiteTitle "FM"]
[BlackTitle "k"]
[WhiteElo "2269"]
[BlackElo "2189"]

1. e4 c6 2. d4 d5 3. Nd2 dxe4 4. Nxe4 Nf6 5. Nxf6+ gxf6 6. Bc4 Bf5 7. Bf4 Qb6 8.
Bb3 Nd7 9. Ne2 O-O-O 10. Qd2 e5 11. Be3 Qc7 12. O-O-O Nc5 13. Qc3 Nxb3+ 14. axb3
Be7 15. dxe5 fxe5 16. Bc5 Bg5+ 17. Be3 Be7 18. Bc5 Bg5+ 19. Be3 1/2-1/2

[Event "Druzynowe Mistrzostwa Polski - II liga"]
[Site "Sypniewo k. Jastrowia"]
[Date "1899-12-30"]
[Round "9.21"]
[White "Kujawski, Adam"]
[Black "Pyda, Zbigniew"]
[Result "1-0"]
[WhiteTitle "FM"]
[BlackTitle "FM"]
[WhiteElo "2239"]
[BlackElo "2283"]

1. Nf3 c5 2. c4 Nc6 3. Nc3 g6 4. g3 Bg7 5. Bg2 e5 6. d3 Nge7 7. O-O O-O 8. Rb1
d6 9. a3 a5 10. Ne1 Be6 11. Nd5 Rb8 12. Nc2 b5 13. Bg5 f6 14. Bd2 f5 15. b4 axb4
16. axb4 bxc4 17. dxc4 e4 18. bxc5 dxc5 19. Rxb8 Qxb8 20. Bf4 Be5 21. Nce3 Kf7
22. Bxe5 Qxe5 23. Nxe7 Kxe7 24. Qa4 Rc8 25. Rb1 Rc7 26. Bf1 g5 27. Rb6 Nd8 28.
Rxe6+ Nxe6 29. Nd5+ Kf7 30. Nxc7 Qxc7 31. e3 g4 32. h4 Nf8 33. Be2 Nd7 34. Bd1
Ne5 35. Qa8 Qd6 36. Ba4 Kg7 37. Qb7+ Kh6 38. Kg2 Nf3 39. Qf7 Qe5 40. Qf8+ Qg7
41. Qxf5 Ne1+ 42. Kh1 Nd3 43. Kh2 Qg6 44. Qf8+ Qg7 45. Qf5 Qg6 46. Qf8+ Qg7 47.
Qd6+ Qg6 48. Qxg6+ Kxg6 49. Kg2 Kf6 50. Kf1 Ke6 51. Bc6 Ke5 52. Bd5 h6 53. Bf7
Kf6 54. Bd5 Ke5 55. Bf7 Kf6 56. Be8 Ne5 57. Bb5 Nd3 58. Ba6 Ke5 59. Bc8 Nb2 60.
Bxg4 Nxc4 61. Ke2 Nb6 62. Kd2 Kd5 63. Kc3 Na4+ 64. Kc2 Nb6 65. Bh5 Ke6 66. Kc3
Kf6 67. Bd1 Kf5 68. Bc2 Ke5 69. Bb1 Kf5 70. f3 Nd5+ 71. Kd2 Nf6 72. Kc3 Nd5+ 73.
Kc4 Nxe3+ 74. Kxc5 Nf1 75. Bxe4+ Ke5 76. g4 Nd2 77. Bd5 Nf1 78. h5 Nh2 79. Kc6
Kf4 80. Kd6 Nf1 81. Ke6 Ne3 82. Be4 Kg5 83. Ke5 Nc4+ 84. Ke6 Ne3 85. Kf7 Ng2 86.
Ke7 Ne3 87. Ke6 Nc4 88. Bd5 Nb2 89. Bc6 Nc4 90. Bb5 Na5 91. Ke5 Nb7 92. Be2 Nd8
93. f4+ Kh4 94. Kf6 1-0